Online
Catalog
Normal view MARC view

Entry Nombre personal

Number of records used in: 103

001 - NÚMERO DE CONTROL

  • campo de control: 7227

003 - IDENTIFICADOR DEL NÚMERO DE CONTROL

  • campo de control: BNPHU

005 - FECHA Y HORA DE LA ÚLTIMA TRANSACCIÓN

  • campo de control: 20250203162718.0

008 - DATOS DE LONGITUD FIJA

  • campo de control de longitud fija: 200615|| aca||aabn | a|a d

010 ## - NÚMERO DE CONTROL DE LA BIBLIOTECA DEL CONGRESO

  • Número de control de LC: n 81101338

040 ## - FUENTE DE LA CATALOGACIÓN

  • Centro catalogador/agencia de origen: DO-SdBNP
  • Lengua de catalogación: spa
  • Centro/agencia transcriptor: BNPHU
  • Normas de descripción: rda

046 ## - FECHAS CON CODIFICACIÓN ESPECIAL

  • Fecha de nacimiento: 03081922
  • Fecha de la muerte: 18102014

100 1# - ENCABEZAMIENTO-NOMBRE DE PERSONA

  • Nombre de persona: Lebrón Saviñon, Mariano
  • Fechas asociadas al nombre: 1922-2014

370 ## - LUGAR ASOCIADO

  • Lugar de nacimiento: Santo Domingo
  • Lugar de fallecimiento: Santo Domingo

372 ## - CAMPO DE ACTIVIDAD

  • Campo de actividad: Miembro de la Academia Norteamericana de la Lengua Española
  • Campo de actividad: Dirigió el hospital de Prevención Social de Santo Domingo
  • Campo de actividad: Miembro fundador de la Agrupación Poesía Sorprendida, de la Academia Dominicana de Medicina, del Museo Casa Duarte|Instituto Duartiano y de la Universidad Nacional Pedro Henríquez Ureña.

374 ## - OCUPACIÓN

  • Ocupación: Medico
  • Ocupación: Profesor
  • Ocupación: Escritor

375 ## - GÉNERO/SEXO

  • Género/Sexo: Masculino

377 ## - LENGUA/LENGUAJE ASOCIADO

  • Código del idioma: spa
  • Término de lengua/lenguaje: Español

400 1# - TRAZADO DE VÉASE--NOMBRE DE PERSONA

  • Nombre de persona: Saviñón, Mariano Lebrón
  • Fechas asociadas al nombre: 1922-2014

670 ## - FUENTE DE DATOS ENCONTRADOS

  • Cita de la fuente: Work cat.: (OSt)2114: Grimaldi Silié, Eleanor, 1948- 7225, Duarte, Sánchez y Mella :, 2002 .

670 ## - FUENTE DE DATOS ENCONTRADOS

  • Cita de la fuente: Historia de la cultura dominicana, 1981-

670 ## - FUENTE DE DATOS ENCONTRADOS

  • Cita de la fuente: Desde un prado luminoso, 2011

670 ## - FUENTE DE DATOS ENCONTRADOS

  • Identificador Uniforme del Recurso: https://es.wikipedia.org/wiki/Mariano_Lebr%C3%B3n_Savi%C3%B1%C3%B3n Consultado en : 15/03/2024

678 ## - DATOS BIOGRÁFICOS O HISTÓRICOS

  • Datos biográficos o históricos: Mariano Lebrón Saviñón (Santo Domingo, 3 de agosto de 1922 - Santo Domingo, 18 de octubre de 2014) fue un escritor y médico dominicano, creador del movimiento literario Poesía Sorprendida. Fue durante años la principal figura de la Academia Dominicana de la Lengua.
  • Identificador Uniforme del Recurso: https://es.wikipedia.org/wiki/Mariano_Lebr%C3%B3n_Savi%C3%B1%C3%B3n Consultado en 03 de febrero, 2025

Powered by Koha